000
00302nam a2200133Ia 4500
008
210210b1951 xxu||||| |||| 00| 0 eng d
082
_a
150/6
100
_a
BARLOW (F).
245
_a
Mental prodigies.
260
_a
_b
Not Mentioned
_c
1951
650
_a
Mental
690
_a
Psychology
906
_a
000955
999
_c
77470
_d
77470